| 000 | 00824nam a22002417a 4500 | ||
|---|---|---|---|
| 999 |
_c13509 _d13509 |
||
| 003 | AR-CdUCM | ||
| 008 | 190415b ||||| |||| 00| 0 spa d | ||
| 040 |
_aMUNICIPALIDAD PROVINCIAL DEL CUSCO _cBIBLIOTECA MUNICIPAL DEL CUSCO |
||
| 082 |
_a793.31 / _bV49 / 1951 |
||
| 100 |
_aVerger, Pierre, _922150 |
||
| 245 | _aFiestas y danzas en el Cuzco y en los andes / | ||
| 260 |
_aBuenos Aires : _bEdit. Sudamericana, _c1951. |
||
| 300 |
_a199 paginas ; _bIlustraciones _cIlustraciones _e26 cm. |
||
| 505 | _aContenido : Calendario --Bailes --Lugares / | ||
| 650 |
_aIndígenas del Perú _95715 |
||
| 650 |
_aVida y costumbres sociales _9857 |
||
| 650 |
_aPerú _935 |
||
| 650 |
_aBolivia _91138 |
||
| 650 |
_aEcuador _910121 |
||
| 700 |
_aValcárcel , Luis Eduardo _9980 |
||
| 942 |
_2ddc _cLIBROS |
||
| 945 |
_arjall _d2019-04-15 |
||